[Event "Oberliga Bayern 1920"]
[Site "Bayern"]
[Date "2020.03.01"]
[Round "7.5"]
[White "Bergauz, Avigdor"]
[Black "Wutz, Christoph"]
[Result "0-1"]
[WhiteElo "2157"]
[BlackElo "2205"]
[PlyCount "90"]
[EventDate "2019.10.20"]
[EventType "team-tourn"]
[EventRounds "9"]
[EventCountry "GER"]
[SourceTitle "EXT 2021"]
[Source "ChessBase"]
[SourceDate "2020.10.23"]
[SourceVersion "1"]
[SourceVersionDate "2020.10.23"]
[SourceQuality "1"]
[WhiteTeam "Muenchen Suedost"]
[BlackTeam "Regensburg Post/Sued"]
[WhiteTeamCountry "GER"]
[BlackTeamCountry "GER"]

1. c4 f5 2. Nc3 Nf6 3. Nf3 d6 4. d4 e6 5. g3 Be7 6. Bg2 0-0 7. 0-0 Ne4 8. Qc2 Nxc3 9. Qxc3 a5 10. b3 Nc6 11. Bb2 Bf6 12. Qc2 e5 13. dxe5 dxe5 14. Rad1 Qe8 15. Bc3 Qh5 16. Qb2 e4 17. Ne5 Nxe5 18. Bxe5 Ra6 19. Rd5 Bxe5 20. Qxe5 Rh6 21. Rfd1 Qxh2+ 22. Kf1 f4 23. Rd8 Rhf6 24. Rxf8+ Rxf8 25. Qd5+ Kh8 26. Qf7 Rg8 27. Qxf4 Bh3 28. Ke1 Bxg2 29. Rd7 Qg1+ 30. Kd2 Qa1 31. Qxc7 Qxa2+ 32. Kc3 Qa1+ 33. Kc2 Qa2+ 34. Kc3 Qa1+ 35. Kc2 Qf6 36. Rf7 Qg6 37. e3 b6 38. Qf4 h6 39. Rd7 Qh5 40. Rd6 b5 41. Rd5 Qe2+ 42. Rd2 Qf3 43. c5 Qxf4 44. gxf4 Rc8 45. Rd5 b4 0-1

[Event "Oberliga Bayern 1920"]
[Site "Bayern"]
[Date "2019.12.08"]
[Round "4.6"]
[White "Hinterreiter, Markus"]
[Black "Wutz, Christoph"]
[Result "1-0"]
[WhiteElo "2137"]
[BlackElo "2205"]
[PlyCount "55"]
[EventDate "2019.10.20"]
[EventType "team-tourn"]
[EventRounds "9"]
[EventCountry "GER"]
[SourceTitle "EXT 2021"]
[Source "ChessBase"]
[SourceDate "2020.10.23"]
[SourceVersion "1"]
[SourceVersionDate "2020.10.23"]
[SourceQuality "1"]
[WhiteTeam "Trostberg"]
[BlackTeam "Regensburg Post/Sued"]
[WhiteTeamCountry "GER"]
[BlackTeamCountry "GER"]

1. e4 c5 2. c3 d5 3. exd5 Qxd5 4. d4 Nc6 5. Nf3 Bg4 6. dxc5 Qxd1+ 7. Kxd1 e6 8. b4 a5 9. Bb5 Nge7 10. Kc2 Bxf3 11. gxf3 axb4 12. cxb4 0-0-0 13. Bxc6 Nxc6 14. Bd2 Nd4+ 15. Kb2 Nxf3 16. Bc3 Be7 17. Na3 h5 18. Nc4 h4 19. h3 f6 20. a4 Kc7 21. a5 e5 22. a6 bxa6 23. Rxa6 Ra8 24. Rxa8 Rxa8 25. Nb6 Ra7 26. Kb3 g5 27. Kc4 Ra2 28. Rd1 1-0

[Event "Oberliga Bayern 1920"]
[Site "Bayern"]
[Date "2019.11.24"]
[Round "3.6"]
[White "Wittmann, Matthias"]
[Black "Wutz, Christoph"]
[Result "1-0"]
[WhiteElo "2106"]
[BlackElo "2205"]
[PlyCount "55"]
[EventDate "2019.10.20"]
[EventType "team-tourn"]
[EventRounds "9"]
[EventCountry "GER"]
[SourceTitle "EXT 2021"]
[Source "ChessBase"]
[SourceDate "2020.10.23"]
[SourceVersion "1"]
[SourceVersionDate "2020.10.23"]
[SourceQuality "1"]
[WhiteTeam "Pang/Rosenheim"]
[BlackTeam "Regensburg Post/Sued"]
[WhiteTeamCountry "GER"]
[BlackTeamCountry "GER"]

1. e4 c5 2. d4 cxd4 3. c3 d3 4. Bxd3 Nc6 5. c4 d6 6. Nf3 g6 7. 0-0 Bg7 8. h3 Nf6 9. Nc3 0-0 10. Be3 Nd7 11. Rc1 Nc5 12. Bb1 Be6 13. Qe2 Qa5 14. Ng5 Qb4 15. Nxe6 Nxe6 16. Rfd1 Ned4 17. Qd2 Qxc4 18. Kh1 Qb4 19. a3 Qa5 20. Ba2 Qh5 21. Nd5 e6 22. Nf4 Qe5 23. Rc4 Rfd8 24. f3 b5 25. Nd3 Qf6 26. Bg5 Nxf3 27. Bxf6 Nxd2 28. Rxc6 1-0

[Event "Oberliga Bayern 1920"]
[Site "Bayern"]
[Date "2019.10.20"]
[Round "1.6"]
[White "Heimerdinger, Joerg"]
[Black "Wutz, Christoph"]
[Result "1-0"]
[WhiteElo "2100"]
[BlackElo "2205"]
[PlyCount "75"]
[EventDate "2019.10.20"]
[EventType "team-tourn"]
[EventRounds "9"]
[EventCountry "GER"]
[SourceTitle "EXT 2022"]
[Source "ChessBase"]
[SourceDate "2021.10.06"]
[SourceVersion "1"]
[SourceVersionDate "2021.10.06"]
[SourceQuality "1"]
[WhiteTeam "Bindlach Aktionaer"]
[BlackTeam "Regensburg Post/Sued"]
[WhiteTeamCountry "GER"]
[BlackTeamCountry "GER"]

1. e4 c5 2. Nf3 Nc6 3. Bb5 Qc7 4. 0-0 a6 5. Bxc6 Qxc6 6. Nc3 e6 7. d4 cxd4 8. Nxd4 Qc7 9. Kh1 Nf6 10. f4 d6 11. f5 Be7 12. a4 Bd7 13. fxe6 fxe6 14. Be3 Qc4 15. e5 dxe5 16. Nf3 Qc7 17. a5 Rc8 18. Qe1 Bd6 19. Bb6 Qb8 20. Ng5 0-0 21. Rd1 Rc4 22. Rxf6 Rxf6 23. Nge4 Bc6 24. Rxd6 Rf8 25. Rd1 Bxe4 26. Nxe4 Rxc2 27. b4 Qe8 28. Bc5 Qg6 29. Ng3 Re8 30. Qxe5 Qg4 31. Rf1 h6 32. h3 Qc4 33. Bd4 Re7 34. Qf4 Qd5 35. Qf3 Qxd4 36. Qf8+ Kh7 37. Qxe7 Qd5 38. Rg1 1-0

[Event "Oberliga Bayern 1819"]
[Site "Bayern"]
[Date "2019.02.24"]
[Round "7.5"]
[White "Wutz, Christoph"]
[Black "Bergauz, Avigdor"]
[Result "1/2-1/2"]
[WhiteElo "2246"]
[BlackElo "2199"]
[PlyCount "54"]
[EventDate "2018.10.21"]
[EventType "team-tourn"]
[EventRounds "9"]
[EventCountry "GER"]
[SourceTitle "EXT 2020"]
[Source "ChessBase"]
[SourceDate "2019.10.17"]
[SourceVersion "1"]
[SourceVersionDate "2019.10.17"]
[SourceQuality "1"]
[WhiteTeam "Regensburg Post/Sued"]
[BlackTeam "Muenchen Suedost"]
[WhiteTeamCountry "GER"]
[BlackTeamCountry "GER"]

1. e4 c6 2. d4 d5 3. e5 Bf5 4. Nf3 e6 5. Be2 Nd7 6. 0-0 Ne7 7. Be3 a6 8. Nbd2 Bg6 9. b4 b5 10. Ne1 Nc8 11. c3 Ncb6 12. f4 Na4 13. Qc1 Ndb6 14. g4 Qd7 15. Bd3 Nc4 16. Nb3 Bxd3 17. Nxd3 h5 18. g5 a5 19. Nbc5 Bxc5 20. Nxc5 Nxc5 21. bxc5 0-0-0 22. Bf2 Kb7 23. Bh4 Ka6 24. Rf3 Rb8 25. Qc2 g6 26. Be1 Rb7 27. a3 Ra8 1/2-1/2

[Event "Oberliga Bayern 1718"]
[Site "Bayern"]
[Date "2017.11.12"]
[Round "2.6"]
[White "Wutz, Christoph"]
[Black "Finster, Michael"]
[Result "0-1"]
[WhiteElo "2277"]
[BlackElo "2099"]
[PlyCount "62"]
[EventDate "2017.10.22"]
[EventType "team-tourn"]
[EventRounds "9"]
[EventCountry "GER"]
[SourceTitle "EXT 2020"]
[Source "ChessBase"]
[SourceDate "2019.10.17"]
[SourceVersion "1"]
[SourceVersionDate "2019.10.17"]
[SourceQuality "1"]
[WhiteTeam "Regensburg Post/Sued"]
[BlackTeam "Herzogenaurach"]
[WhiteTeamCountry "GER"]
[BlackTeamCountry "GER"]

1. e4 e5 2. Nf3 Nc6 3. Bb5 a6 4. Ba4 Nf6 5. 0-0 Nxe4 6. d4 b5 7. Bb3 d5 8. dxe5 Be6 9. c3 Be7 10. Nbd2 0-0 11. Qe2 Na5 12. Bc2 Nxd2 13. Bxd2 Nc4 14. Bc1 c5 15. Rd1 Qd7 16. b3 Nb6 17. Bg5 Bxg5 18. Nxg5 Bf5 19. Rac1 h6 20. Ne4 Bxe4 21. Bxe4 Qc6 22. Bf3 Qe6 23. c4 bxc4 24. bxc4 Rad8 25. cxd5 Nxd5 26. Rxc5 Nf4 27. Qc2 Rxd1+ 28. Bxd1 Rd8 29. Bf3 Nd3 30. Rc6 Qxe5 31. h3 Nb4 0-1

[Event "Oberliga Bayern 1617"]
[Site "Bayern"]
[Date "2017.04.30"]
[Round "9.6"]
[White "Wutz, Christoph"]
[Black "Unger, Michael"]
[Result "1-0"]
[WhiteElo "2220"]
[BlackElo "2068"]
[PlyCount "59"]
[EventDate "2016.10.16"]
[EventType "team-tourn"]
[EventRounds "9"]
[EventCountry "GER"]
[SourceTitle "EXT 2019"]
[Source "ChessBase"]
[SourceDate "2018.10.10"]
[SourceVersion "1"]
[SourceVersionDate "2018.10.10"]
[SourceQuality "1"]
[WhiteTeam "Regensburg Post/Sued"]
[BlackTeam "Muenchen 36"]
[WhiteTeamCountry "GER"]
[BlackTeamCountry "GER"]

1. e4 Nc6 2. d4 d5 3. e5 f6 4. Nf3 Bg4 5. Bb5 Qd7 6. c4 e6 7. 0-0 Nge7 8. h3 Bxf3 9. Qxf3 a6 10. Bxc6 Nxc6 11. Rd1 0-0-0 12. exf6 gxf6 13. Nc3 dxc4 14. Be3 Bg7 15. Qe2 f5 16. d5 Nb4 17. Qxc4 Nxd5 18. Bg5 Bxc3 19. Bxd8 Bxb2 20. Rab1 Rxd8 21. Rxb2 Qd6 22. Re1 Re8 23. Qd4 e5 24. Qa7 Nb6 25. a4 Qd4 26. Reb1 Qxa4 27. Rxb6 cxb6 28. Rc1+ Kd8 29. Qxb6+ Ke7 30. Rc7+ 1-0

[Event "Oberliga Bayern 1617"]
[Site "Bayern"]
[Date "2017.03.19"]
[Round "7.6"]
[White "Wutz, Christoph"]
[Black "Bucan, Djordje"]
[Result "1-0"]
[WhiteElo "2220"]
[BlackElo "2039"]
[PlyCount "37"]
[EventDate "2016.10.16"]
[EventType "team-tourn"]
[EventRounds "9"]
[EventCountry "GER"]
[SourceTitle "EXT 2019"]
[Source "ChessBase"]
[SourceDate "2018.10.10"]
[SourceVersion "1"]
[SourceVersionDate "2018.10.10"]
[SourceQuality "1"]
[WhiteTeam "Regensburg Post/Sued"]
[BlackTeam "Muenchen Suedost"]
[WhiteTeamCountry "GER"]
[BlackTeamCountry "GER"]

1. e4 d5 2. exd5 Nf6 3. d4 Bg4 4. Nf3 Qxd5 5. Be2 e6 6. c4 Bb4+ 7. Nc3 Qh5 8. Qb3 Nc6 9. Be3 a5 10. Qa4 Ne4 11. Rc1 0-0 12. Qb5 Nd6 13. Qxh5 Bxh5 14. a3 Bxc3+ 15. bxc3 Bxf3 16. gxf3 f6 17. c5 Nf5 18. Rb1 Rfb8 19. Bc4 1-0

[Event "Oberliga Bayern 1617"]
[Site "Bayern"]
[Date "2017.02.05"]
[Round "5.5"]
[White "Mayerhofer, Peter"]
[Black "Wutz, Christoph"]
[Result "1/2-1/2"]
[WhiteElo "2128"]
[BlackElo "2220"]
[PlyCount "21"]
[EventDate "2016.10.16"]
[EventType "team-tourn"]
[EventRounds "9"]
[EventCountry "GER"]
[SourceTitle "EXT 2019"]
[Source "ChessBase"]
[SourceDate "2018.10.10"]
[SourceVersion "1"]
[SourceVersionDate "2018.10.10"]
[SourceQuality "1"]
[WhiteTeam "Weilheim"]
[BlackTeam "Regensburg Post/Sued"]
[WhiteTeamCountry "GER"]
[BlackTeamCountry "GER"]

1. e4 e6 2. d4 d5 3. Nc3 Bb4 4. exd5 exd5 5. Bd3 c6 6. Nge2 Qf6 7. Bf4 Ne7 8. Qd2 Bf5 9. Bxf5 Nxf5 10. 0-0 Bd6 11. Bxd6 1/2-1/2

[Event "Oberliga Bayern 1516"]
[Site "Bayern"]
[Date "2015.10.25"]
[Round "2.7"]
[White "Wutz, Christoph"]
[Black "Lentrodt, Thomas"]
[Result "1-0"]
[WhiteElo "2220"]
[BlackElo "2226"]
[PlyCount "87"]
[EventDate "2015.10.11"]
[EventType "team-tourn"]
[EventRounds "9"]
[EventCountry "GER"]
[SourceTitle "EXT 2018"]
[Source "ChessBase"]
[SourceDate "2017.10.13"]
[SourceVersion "1"]
[SourceVersionDate "2017.10.13"]
[SourceQuality "1"]
[WhiteTeam "Regensburg Post/Sued"]
[BlackTeam "Bayern Muenchen II"]
[WhiteTeamCountry "GER"]
[BlackTeamCountry "GER"]

1. e4 e6 2. d4 d5 3. e5 c5 4. c3 Nc6 5. Nf3 Nge7 6. a3 cxd4 7. cxd4 Nf5 8. b4 Qb6 9. Bb2 Bd7 10. g4 Nfe7 11. Nc3 h5 12. Na4 Qc7 13. Rg1 hxg4 14. Rxg4 Nf5 15. Rc1 a6 16. Bd3 g6 17. Nc5 Bh6 18. Rc2 Qb6 19. Kf1 Nce7 20. Qe2 Qa7 21. Kg1 Bc8 22. Ng5 Bxg5 23. Rxg5 b6 24. Nb3 Bd7 25. Nd2 Rc8 26. Rxc8+ Bxc8 27. Kh1 Nc6 28. Nb3 Qe7 29. Rg4 Nb8 30. Qc2 Kd8 31. Bc1 Rh5 32. Be2 Qc7 33. Bg5+ Kd7 34. Qd2 Rh3 35. f3 Qc6 36. Rg1 Bb7 37. Kg2 Rh8 38. b5 Qc8 39. Rc1 Nc6 40. bxc6+ Bxc6 41. Qb4 Qb7 42. a4 a5 43. Qa3 Rc8 44. Bd3 1-0

[Event "BL2-Ost 1415"]
[Site "Germany"]
[Date "2015.02.01"]
[Round "8.7"]
[White "Wutz, Christoph"]
[Black "Ott, Florian"]
[Result "0-1"]
[WhiteElo "2212"]
[BlackElo "2173"]
[PlyCount "46"]
[EventDate "2014.10.18"]
[EventType "team-tourn"]
[EventRounds "10"]
[EventCountry "GER"]
[SourceTitle "CBM 166 Extra"]
[Source "ChessBase"]
[SourceDate "2015.06.18"]
[SourceVersion "1"]
[SourceVersionDate "2015.06.18"]
[SourceQuality "1"]
[WhiteTeam "Neutraubling Wacker"]
[BlackTeam "Forchheim"]
[WhiteTeamCountry "GER"]
[BlackTeamCountry "GER"]

1. e4 c5 2. Nf3 d6 3. d4 cxd4 4. Nxd4 Nf6 5. Nc3 a6 6. g3 e5 7. Nde2 Be7 8. Bg2 b5 9. 0-0 Nbd7 10. a4 b4 11. Nd5 Nxd5 12. exd5 a5 13. c3 Rb8 14. Bd2 bxc3 15. Bxc3 Qb6 16. Kh1 0-0 17. f4 Ba6 18. Re1 Bf6 19. Nc1 exf4 20. gxf4 Bxc3 21. bxc3 Qb2 22. Ne2 Nc5 23. Nd4 Nd3 0-1

[Event "BL2-Ost 1415"]
[Site "Germany"]
[Date "2015.01.31"]
[Round "7.7"]
[White "Raps, Johannes"]
[Black "Wutz, Christoph"]
[Result "0-1"]
[WhiteElo "2167"]
[BlackElo "2212"]
[PlyCount "54"]
[EventDate "2014.10.18"]
[EventType "team-tourn"]
[EventRounds "10"]
[EventCountry "GER"]
[SourceTitle "CBM 166 Extra"]
[Source "ChessBase"]
[SourceDate "2015.06.18"]
[SourceVersion "1"]
[SourceVersionDate "2015.06.18"]
[SourceQuality "1"]
[WhiteTeam "Bad Mergentheim"]
[BlackTeam "Neutraubling Wacker"]
[WhiteTeamCountry "GER"]
[BlackTeamCountry "GER"]

1. d4 d5 2. Nf3 Nf6 3. Bg5 Ne4 4. Bh4 c5 5. c3 cxd4 6. Nxd4 Qb6 7. Nb3 Qh6 8. Bg3 Nxg3 9. fxg3 e6 10. N1d2 Bd6 11. Ne4 Bc7 12. Nf2 0-0 13. Qd2 Qxd2+ 14. Kxd2 Nc6 15. e3 e5 16. Rd1 Bb6 17. Bb5 Ne7 18. Rhe1 Nf5 19. Bd3 Nd6 20. g4 a5 21. a3 Be6 22. Nc1 g6 23. Rf1 Rad8 24. Rde1 f5 25. gxf5 gxf5 26. Kc2 e4 27. Be2 Bxe3 0-1

[Event "BL2-Ost 1415"]
[Site "Germany"]
[Date "2014.11.08"]
[Round "3.7"]
[White "Wutz, Christoph"]
[Black "Heinzel, Olaf"]
[Result "1/2-1/2"]
[WhiteElo "2212"]
[BlackElo "2369"]
[PlyCount "104"]
[EventDate "2014.10.18"]
[EventType "team-tourn"]
[EventRounds "10"]
[EventCountry "GER"]
[SourceTitle "CBM 166 Extra"]
[Source "ChessBase"]
[SourceDate "2015.06.18"]
[SourceVersion "1"]
[SourceVersionDate "2015.06.18"]
[SourceQuality "1"]
[WhiteTeam "Neutraubling Wacker"]
[BlackTeam "Erfurt"]
[WhiteTeamCountry "GER"]
[BlackTeamCountry "GER"]

1. e4 d5 2. exd5 Qxd5 3. Nc3 Qd6 4. d4 Nf6 5. Nf3 c6 6. g3 Bg4 7. Bg2 e6 8. 0-0 Be7 9. a3 0-0 10. Bf4 Qd8 11. Qd2 Nbd7 12. Ne5 Nxe5 13. dxe5 Qxd2 14. Bxd2 Nd7 15. f4 f6 16. exf6 Bxf6 17. Rae1 Nb6 18. b3 Rfd8 19. Ne4 Bb2 20. a4 Bf5 21. Re2 Nd5 22. Kh1 Nf6 23. Nc5 Rab8 24. Be3 b6 25. Na6 Rbc8 26. a5 Nd5 27. Bc1 Bc3 28. h3 Rd6 29. g4 Bg6 30. Bd2 Bxc2 31. Bxc3 Bd3 32. Be5 Bxe2 33. Bxd6 Bxa6 34. Re1 Kf7 35. axb6 axb6 36. Ra1 Ra8 37. Kh2 Bb7 38. Rxa8 Bxa8 39. Bxd5 exd5 40. Bc7 d4 41. Kg3 Ke6 42. Bxb6 Kd5 43. b4 Ke4 44. Kf2 Bb7 45. Bc5 g6 46. f5 gxf5 47. gxf5 Bc8 48. f6 Be6 49. Ke2 Ke5 50. f7 Bxf7 51. h4 Kd5 52. Kd2 h5 1/2-1/2

[Event "Oberliga Bayern 1314"]
[Site "Bayern"]
[Date "2013.10.13"]
[Round "1.6"]
[White "Taggatz, Mario"]
[Black "Wutz, Christoph"]
[Result "0-1"]
[WhiteElo "2284"]
[BlackElo "2203"]
[PlyCount "84"]
[EventDate "2013.10.13"]
[EventType "team-tourn"]
[EventRounds "9"]
[EventCountry "GER"]
[SourceTitle "EXT 2015"]
[Source "ChessBase"]
[SourceDate "2014.11.20"]
[SourceVersion "1"]
[SourceVersionDate "2014.11.20"]
[SourceQuality "1"]
[WhiteTeam "Groebenzell"]
[BlackTeam "Neutraubling Wacker"]
[WhiteTeamCountry "GER"]
[BlackTeamCountry "GER"]

1. d4 Nf6 2. Nf3 d5 3. c3 e6 4. Bf4 c5 5. e3 Nc6 6. Nbd2 Be7 7. Bd3 Nh5 8. Bg3 h6 9. Ne5 Nxg3 10. hxg3 Nxe5 11. dxe5 Qc7 12. Bb5+ Bd7 13. Bxd7+ Kxd7 14. Qa4+ Kc8 15. Nf3 Qd8 16. 0-0-0 Qe8 17. Qg4 g6 18. Kb1 Kc7 19. e4 Qa4 20. Rhe1 Rad8 21. b3 Qc6 22. Qf4 dxe4 23. Qxf7 Rd7 24. Rxd7+ Qxd7 25. Rxe4 Qd3+ 26. Kb2 Qxe4 27. Qxe7+ Kb8 28. Qd6+ Ka8 29. Qxc5 Qe2+ 30. Ka3 Rd8 31. Nd4 Qxf2 32. Qc7 Qf8+ 33. Kb2 Rc8 34. Qd7 Qc5 35. Nb5 a6 36. Nd6 Qxc3+ 37. Ka3 Qa5+ 38. Kb2 Qxe5+ 39. Ka3 Qa5+ 40. Kb2 Qc3+ 41. Ka3 Qc1+ 42. Ka4 Qc6+ 0-1

[Event "Oberliga Bayern 1112"]
[Site "Bayern"]
[Date "2012.03.18"]
[Round "8.6"]
[White "Dirr, Ulrich"]
[Black "Wutz, Christoph"]
[Result "0-1"]
[WhiteElo "2203"]
[BlackElo "2203"]
[PlyCount "118"]
[EventDate "2011.10.02"]
[EventType "team-tourn"]
[EventRounds "9"]
[EventCountry "GER"]
[SourceTitle "EXT 2015"]
[Source "ChessBase"]
[SourceDate "2014.11.20"]
[SourceVersion "1"]
[SourceVersionDate "2014.11.20"]
[SourceQuality "1"]
[WhiteTeam "MSA Zugzwang"]
[BlackTeam "Neutraubling"]
[WhiteTeamCountry "GER"]
[BlackTeamCountry "GER"]

1. Nf3 Nf6 2. g3 g6 3. Bg2 Bg7 4. 0-0 0-0 5. d3 d5 6. Nbd2 c6 7. e4 Bg4 8. h3 dxe4 9. dxe4 Bxf3 10. Qxf3 Nbd7 11. Qe2 e5 12. a4 Qc7 13. Nc4 Nc5 14. b4 Ne6 15. c3 Rfd8 16. a5 Ne8 17. h4 Nd6 18. Bh3 Nb5 19. Bb2 Qe7 20. Ne3 Nec7 21. Rfd1 Rxd1+ 22. Rxd1 Rd8 23. Bf1 Rxd1 24. Qxd1 Qd6 25. Qg4 Qe6 26. Qd1 Qd6 27. Qg4 Qe6 28. Qf3 Nd6 29. c4 Qe7 30. h5 Ne6 31. hxg6 hxg6 32. c5 Ng5 33. Qg4 Ndxe4 34. Qc8+ Kh7 35. Bd3 Nd2 36. Nc4 Ngf3+ 37. Kh1 e4 38. Qh3+ Kg8 39. Qc8+ Kh7 40. Qh3+ Kg8 41. Qc8+ Qf8 42. Qxf8+ Kxf8 43. Bxg7+ Kxg7 44. Nxd2 Nxd2 45. a6 bxa6 46. Bxa6 Nb3 47. Bb7 Nd4 48. Kg2 Kf6 49. b5 cxb5 50. Bxe4 Ke5 51. Bb7 Ne6 52. f4+ Kd4 53. c6 a5 54. Bc8 Nc7 55. f5 gxf5 56. Bxf5 a4 57. Kf3 a3 58. Bb1 b4 59. Ba2 Kc3 0-1

[Event "Oberliga Bayern 1112"]
[Site "Bayern"]
[Date "2012.02.05"]
[Round "6.5"]
[White "Pflug, Matthias"]
[Black "Wutz, Christoph"]
[Result "1-0"]
[WhiteElo "2257"]
[BlackElo "2203"]
[PlyCount "65"]
[EventDate "2011.10.02"]
[EventType "team-tourn"]
[EventRounds "9"]
[EventCountry "GER"]
[SourceTitle "EXT 2013"]
[Source "ChessBase"]
[SourceDate "2012.11.22"]
[SourceVersion "1"]
[SourceVersionDate "2012.11.22"]
[SourceQuality "1"]
[WhiteTeam "Passau"]
[BlackTeam "Neutraubling"]
[WhiteTeamCountry "GER"]
[BlackTeamCountry "GER"]

1. e4 e6 2. d4 d5 3. Nc3 Bb4 4. e5 c5 5. a3 Bxc3+ 6. bxc3 Ne7 7. Qg4 Qc7 8. Qxg7 Rg8 9. Qxh7 cxd4 10. Ne2 Nbc6 11. f4 Bd7 12. Qd3 dxc3 13. Nxc3 a6 14. Rb1 Rc8 15. Bd2 Nf5 16. g3 Ncd4 17. Bh3 Qc5 18. Rxb7 Ne3 19. Bxe3 Nxc2+ 20. Kd2 Nxe3 21. Ne4 Qc2+ 22. Qxc2 Rxc2+ 23. Kxe3 dxe4 24. Rb8+ Rc8 25. Rxc8+ Bxc8 26. Rc1 Kd7 27. Bg2 Rh8 28. h3 Bb7 29. Rd1+ Kc7 30. Rc1+ Kd7 31. Rc3 Bd5 32. Kd4 Ba8 33. g4 1-0

[Event "Regionalliga NO 0910"]
[Site "Bayern"]
[Date "2010.02.07"]
[Round "6.2"]
[White "Illetsko, Jaroslav"]
[Black "Wutz, Christoph"]
[Result "1-0"]
[WhiteElo "2110"]
[BlackElo "2183"]
[PlyCount "59"]
[EventDate "2009.10.18"]
[EventType "team-tourn"]
[EventRounds "9"]
[EventCountry "GER"]
[SourceTitle "EXT 2011"]
[Source "ChessBase"]
[SourceDate "2010.11.26"]
[SourceVersion "1"]
[SourceVersionDate "2010.11.26"]
[SourceQuality "1"]
[WhiteTeam "Windischeschenbach"]
[BlackTeam "Neutraubling"]
[WhiteTeamCountry "GER"]
[BlackTeamCountry "GER"]

1. e4 e6 2. d3 d5 3. Qe2 Nf6 4. Nf3 Be7 5. g3 0-0 6. e5 Nfd7 7. Bg2 c5 8. 0-0 Nc6 9. Re1 b5 10. h4 a5 11. Bf4 b4 12. Nbd2 Ba6 13. h5 a4 14. b3 Bb5 15. g4 Ra7 16. g5 Qa8 17. Rac1 axb3 18. axb3 Ra2 19. Nf1 Qa6 20. Qd1 Nb6 21. N1h2 Rc8 22. Ng4 c4 23. d4 cxb3 24. Nf6+ Kh8 25. Nh4 gxf6 26. exf6 Bxf6 27. gxf6 bxc2 28. Qg4 Rg8 29. Ng6+ hxg6 30. Qg5 1-0